V zrkadle spomienok

Bibliographic Details
Main Author: Robbe-Grillet, Alain, 1922-2008 (Author)
Other Authors: Marenčin, Albert, 1922-2019 (Translator)
Format: Book
Language:Slovak
PhysicalDescription:182 s. 21 cm
Published: Bratislava PT 2002
ISBN:8088912342
Edition:1. vyd.
Subjects:

MARC

LEADER 00000cam a2200000 a 4500
001 vtls001450731
003 SK-MaSNL
005 20260301073122.0
008 240318s2002 xo gr 0000f slo
015 |a SNBA204/03-02173 
020 |a 8088912342  |q (viaz.) 
035 |a SNK000406024 
040 |a SNK  |b slo  |c SNK  |e AACR2 
043 |a e-fr--- 
044 |a xo  |c SK 
072 7 |a 821.133.1-3  |x Francúzska próza, francúzsky písaná  |2 konspekt 
080 |a 821.133.1-94  |2 2001 
080 |a 821.133.1-051  |2 2001 
080 |a 821.133.1-31  |2 2001 
080 |a (0:82-312.6)  |2 2001 
100 1 |a Robbe-Grillet, Alain,  |d 1922-2008  |4 aut  |9 118642 
240 1 3 |a Le miroir qui revient  |l Slovensky 
245 1 0 |a V zrkadle spomienok  |c Alain Robbe-Grillet ; [z francúzského originálu ...] preložil Albert Marenčin 
250 |a 1. vyd. 
260 |a Bratislava  |b PT  |c 2002 
300 |a 182 s.  |c 21 cm 
500 |a Fotogr. na predsádkach 
504 |a Pozn. 
600 1 7 |a Robbe-Grillet, Alain,  |d 1922-2008  |2 SNKMA  |9 118642 
648 7 |a 20. stor.  |2 SNKPH  |9 275975 
650 0 7 |a francúzski spisovatelia  |2 SNKPH  |9 66466 
650 0 7 |a French authors  |2 SNKPHeng  |9 304014 
655 7 |a francúzske romány  |2 SNKPH  |9 70252 
655 7 |a autobiografické romány  |2 SNKPH  |9 70327 
655 7 |a French fiction  |2 SNKPHeng  |9 276886 
655 7 |a Autobiographical novels  |2 SNKPHeng  |9 319560 
700 1 |a Marenčin, Albert,  |d 1922-2019  |4 trl  |9 90090 
852 |a Štátna vedecká knižnica v Banskej Bystrici 
919 |a 80-88912-34-2 
968 |b FR  |d 821 
999 |c 643170  |d 645100 
952 |t P60, <03>, [BOOK], {603}  |a SNK  |b SNK  |y PREZ  |7 0  |p 17A0377516  |o snkSC 120107  |i snkKSP 3410/2003  |0 0  |1 0  |4 0  |d 2003-03-05  |l 0  |r 2025-05-29 00:00:00  |w 2026-02-23 
952 |t P60, <04>, [BOOK], {604}  |a SNK  |b SNK  |y VYP  |7 0  |p 17A0377517  |o snkSC 120107 D1  |i snkKSP 3411/2003  |0 0  |1 0  |4 0  |d 2003-03-05  |l 0  |r 2016-12-31 00:00:00  |w 2026-02-23